000 00769nam a2200265Ia 4500
003 OSt
005 20220925230112.0
006 a|||||r|||| 00| 0
007 ta
008 220923b |||||||| |||| 00| 0 eng d
020 _a1857282523
037 _cGeneral Book
040 _aRTL
_cRTL
_beng
041 _2eng
_aeng
082 _aY73:1, N6
100 _aBack Les
_9138807
245 0 _aNew ethnicities and urban culture
_b Racism and multiculture in young lives
260 _aLondon
_bUCL Press
_c1996
300 _axii, 288p
_ccm.
490 _aRace and Representation
500 _aBibliography: P 271-82; Appendix: p 256-59
650 _aEthnology
_935130
942 _hY73:1, N6
_cGB
_2CC
999 _c584707
_d584707